"A PRATTLER`S TALE: BENGAL, MARXISM, GOVERNANCE" (Record no. 382346)

MARC details
000 -LEADER
fixed length control field 00467nam a2200157Ia 4500
008 - FIXED-LENGTH DATA ELEMENTS--GENERAL INFORMATION
fixed length control field 100122s9999 xx 000 0 und d
082 ## - DEWEY DECIMAL CLASSIFICATION NUMBER
Item number 71349
Classification number 923.254
100 ## - MAIN ENTRY--PERSONAL NAME
Personal name MITRA ASHOK
245 ## - TITLE STATEMENT
Title "A PRATTLER`S TALE: BENGAL, MARXISM, GOVERNANCE"
260 ## - PUBLICATION, DISTRIBUTION, ETC. (IMPRINT)
Name of publisher, distributor, etc SAMYA
Date of publication, distribution, etc 2007
300 ## - PHYSICAL DESCRIPTION
Extent 473
630 ## - SUBJECT ADDED ENTRY--UNIFORM TITLE
Uniform title "A PRATTLER`S TALE: BENGAL, MARXISM, GOVERNANCE"
700 ## - ADDED ENTRY--PERSONAL NAME
Personal name BHATTACHARY SIPRA
730 ## - ADDED ENTRY--UNIFORM TITLE
Uniform title "A PRATTLER`S TALE: BENGAL, MARXISM, GOVERNANCE"
942 ## - ADDED ENTRY ELEMENTS (KOHA)
Koha item type Book
Holdings
Withdrawn status Lost status Damaged status Not for loan Home library Current library Date acquired Cost, normal purchase price Total Checkouts Full call number Barcode Date last seen Cost, replacement price Price effective from Koha item type Public note
        S.V. Pathak Library, Vile Parle S.V. Pathak Library, Vile Parle 03/24/2007 595.00   71349 SVPPARLE-71349 01/25/2010 595.00 01/25/2010 Book ", , Translated, NA"